[Event "ENG-ch Senior Over 65"]
[Site "Kenilworth"]
[Date "2024.05.28"]
[Round "7.9"]
[White "Fleming, Andrew SJ"]
[Black "Page, Mark Edward"]
[Result "0-1"]
[WhiteElo "1905"]
[BlackElo "2042"]
[PlyCount "54"]
[EventDate "2024.05.24"]
[EventType "swiss"]
[EventRounds "7"]
[EventCountry "ENG"]

1. e4 c5 2. Nf3 Nf6 3. Nc3 d6 4. e5 dxe5 5. Nxe5 a6 6. Bc4 e6 7. a4 Be7 8. d3
O-O 9. Qe2 Nbd7 10. f4 Nxe5 11. fxe5 Nd5 12. O-O Nxc3 13. bxc3 Bg5 14. Bxg5
Qxg5 15. Rf3 Bd7 16. Rg3 Qe7 17. Qg4 g6 18. Rf1 b5 19. axb5 axb5 20. Bb3 Rfc8
21. Rf6 c4 22. Qh4 cxb3 23. Rh3 h5 24. Rg3 b2 25. Rfxg6+ fxg6 26. Rxg6+ Kf8 27.
Rf6+ Ke8 0-1

[Event "ENG-ch Senior Over 65"]
[Site "Kenilworth"]
[Date "2024.05.28"]
[Round "7.10"]
[White "Hawkins, James N"]
[Black "Hughes, Roy"]
[Result "1/2-1/2"]
[WhiteElo "1930"]
[BlackElo "1988"]
[PlyCount "57"]
[EventDate "2024.05.24"]
[EventType "swiss"]
[EventRounds "7"]
[EventCountry "ENG"]

1. c4 c6 2. d4 d5 3. cxd5 cxd5 4. Nf3 Nc6 5. Nc3 Nf6 6. Bf4 a6 7. Rc1 h6 8. h3
e6 9. e3 Bd6 10. Bxd6 Qxd6 11. Bd3 O-O 12. O-O Bd7 13. Bb1 Rfc8 14. Re1 e5 15.
dxe5 Nxe5 16. Nxe5 Qxe5 17. f4 Qe6 18. Qd3 Bc6 19. Rcd1 Re8 20. Qd4 Rad8 21.
Kf2 Qe7 22. Kg1 Qc7 23. Qd2 Qb6 24. Qf2 Re7 25. Rd4 Rde8 26. Qd2 Qa7 27. Kh1 b5
28. a3 Qb7 29. Kh2 1/2-1/2

[Event "ENG-ch Senior Over 65"]
[Site "Kenilworth"]
[Date "2024.05.28"]
[Round "7.11"]
[White "Moore, John C"]
[Black "Neatherway, A Philip"]
[Result "0-1"]
[WhiteElo "1950"]
[BlackElo "1831"]
[PlyCount "92"]
[EventDate "2024.05.24"]
[EventType "swiss"]
[EventRounds "7"]
[EventCountry "ENG"]

1. e4 e6 2. d4 d5 3. Nc3 Nf6 4. Bg5 Be7 5. e5 Nfd7 6. Bxe7 Qxe7 7. f4 a6 8. Nf3
c5 9. dxc5 Qxc5 10. Qd4 Nc6 11. Qxc5 Nxc5 12. Bd3 O-O 13. a3 Bd7 14. b4 Nxd3+
15. cxd3 Rac8 16. Kd2 f6 17. exf6 Rxf6 18. g3 h6 19. h4 Be8 20. Rae1 Bh5 21.
Ne5 Nxe5 22. Rxe5 Bg4 23. Na4 a5 24. Rc1 Rxc1 25. Kxc1 Rf7 26. Kd2 axb4 27.
axb4 Rc7 28. Re1 Bf5 29. Nc5 Kf7 30. Nb3 Kf6 31. Nd4 Bg4 32. Nc2 g5 33. Ne3 Bf5
34. Rf1 gxh4 35. g4 d4 36. gxf5 dxe3+ 37. Kxe3 Kxf5 38. Rh1 Kg4 39. Rg1+ Kh5
40. Ke4 Rc2 41. d4 h3 42. Kf3 h2 43. Re1 Kh4 44. d5 exd5 45. f5 Kg5 46. Kg3
Kxf5 0-1

[Event "ENG-ch Senior Over 65"]
[Site "Kenilworth"]
[Date "2024.05.28"]
[Round "7.12"]
[White "Stokes, Mike R"]
[Black "Bellers, Chris JV"]
[Result "1/2-1/2"]
[WhiteElo "1968"]
[BlackElo "1926"]
[PlyCount "79"]
[EventDate "2024.05.24"]
[EventType "swiss"]
[EventRounds "7"]
[EventCountry "ENG"]

1. e4 g6 2. Nf3 c5 3. d4 Bg7 4. c3 cxd4 5. Bc4 d3 6. Qxd3 Nc6 7. Bf4 d6 8. Na3
Nf6 9. O-O O-O 10. b4 Ng4 11. Bb3 Nge5 12. Qe3 Nxf3+ 13. Qxf3 Be6 14. Bd5 Qd7
15. Rac1 Rac8 16. Qe3 b6 17. Rfd1 Ne5 18. Bxe5 Bxe5 19. f4 Bg7 20. c4 Qa4 21.
Bxe6 fxe6 22. Qh3 Rf6 23. Nb5 Rxc4 24. Nd4 Rxc1 25. Rxc1 Qd7 26. g3 h6 27. b5
g5 28. f5 exf5 29. Nxf5 Kh7 30. a4 Rf8 31. Qh5 Qe6 32. Qf3 d5 33. Nxg7 Kxg7 34.
Qc3+ Kh7 35. exd5 Qxd5 36. Re1 Rf7 37. Qc2+ Kg7 38. Qc3+ Kh7 39. Qc2+ Kg7 40.
Qc3+ 1/2-1/2

[Event "ENG-ch Senior Over 65"]
[Site "Kenilworth"]
[Date "2024.05.28"]
[Round "7.13"]
[White "Wall, Robert"]
[Black "Dennis, Nigel W"]
[Result "1-0"]
[WhiteElo "1766"]
[BlackElo "1892"]
[PlyCount "123"]
[EventDate "2024.05.24"]
[EventType "swiss"]
[EventRounds "7"]
[EventCountry "ENG"]

1. d4 Nf6 2. Bf4 d6 3. e3 g6 4. Be2 Bg7 5. c3 O-O 6. Nd2 Nbd7 7. Ngf3 b6 8. O-O
Bb7 9. h3 c5 10. Re1 Ne4 11. Nxe4 Bxe4 12. Ng5 Bb7 13. Nf3 Nf6 14. Qb3 Qd7 15.
Rad1 Ne4 16. Bd3 Qc7 17. Qc2 Nf6 18. Nd2 a6 19. Be2 b5 20. dxc5 Qxc5 21. Nb3
Qc7 22. Bf1 b4 23. c4 a5 24. Rc1 Rfc8 25. Red1 a4 26. Nd4 Qb6 27. Bh2 Ne4 28.
f3 Nc5 29. Kh1 b3 30. axb3 Nxb3 31. Nxb3 axb3 32. Qd2 Ra2 33. Rb1 d5 34. Rdc1
d4 35. Bg1 Bh6 36. f4 Be4 37. Bd3 dxe3 38. Bxe3 Qb7 39. Bxe4 Qxe4 40. Qc3 Qb7
41. c5 Bg7 42. Bd4 Bxd4 43. Qxd4 Raa8 44. Rc3 Rc6 45. Qe3 Re6 46. Rxb3 Qd5 47.
Qf3 Qd8 48. Rd3 Qc8 49. b4 Ra2 50. Rbd1 Qa6 51. Qf1 Qb7 52. Ra1 Ree2 53. Rxa2
Rxa2 54. b5 Qa8 55. c6 Rc2 56. Qb1 Rc5 57. Rd7 Qb8 58. Qb4 Rxb5 59. c7 Rxb4 60.
Rd8+ Kg7 61. cxb8=Q Rxb8 62. Rxb8 1-0

[Event "ENG-ch Senior Over 65"]
[Site "Kenilworth"]
[Date "2024.05.28"]
[Round "7.14"]
[White "Harvey, John"]
[Black "Collins, Nigel"]
[Result "1/2-1/2"]
[WhiteElo "1697"]
[BlackElo "1602"]
[PlyCount "42"]
[EventDate "2024.05.24"]
[EventType "swiss"]
[EventRounds "7"]
[EventCountry "ENG"]

1. c4 g6 2. Nf3 Bg7 3. Nc3 c5 4. g3 Nc6 5. Bg2 e6 6. O-O Nge7 7. e4 O-O 8. d3
d6 9. Be3 a6 10. Qd2 Rb8 11. Bh6 b5 12. Bxg7 Kxg7 13. Nh4 Nd4 14. f4 f5 15.
Rae1 b4 16. Ne2 Nec6 17. exf5 Nxe2+ 18. Qxe2 Nd4 19. Qf2 exf5 20. Nf3 Nxf3+ 21.
Bxf3 Bb7 1/2-1/2

[Event "ENG-ch Senior Over 65"]
[Site "Kenilworth"]
[Date "2024.05.28"]
[Round "7.15"]
[White "Myall, Ivan J"]
[Black "Clare, Steve"]
[Result "1-0"]
[WhiteElo "1933"]
[BlackElo "1765"]
[PlyCount "48"]
[EventDate "2024.05.24"]
[EventType "swiss"]
[EventRounds "7"]
[EventCountry "ENG"]

1. e4 e5 2. Bc4 d6 3. d3 c6 4. Nf3 h6 5. a4 Nf6 6. Nc3 Be7 7. h3 Be6 8. Qe2 Qc7
9. d4 exd4 10. Bxe6 fxe6 11. Nxd4 Qd7 12. e5 dxe5 13. Qxe5 Bd6 14. Qxe6+ Qxe6+
15. Nxe6 Kd7 16. Nd4 Re8+ 17. Be3 Bf4 18. Nf5 Bxe3 19. Nxe3 Na6 20. O-O-O+ Kc7
21. Nf5 Re5 22. g4 h5 23. f4 Rc5 24. Nxg7 Nb8 1-0

[Event "ENG-ch Senior Over 65"]
[Site "Kenilworth"]
[Date "2024.05.28"]
[Round "7.16"]
[White "Goodwin, Ed H"]
[Black "Morris, Nigel W"]
[Result "1-0"]
[WhiteElo "1898"]
[BlackElo "1637"]
[PlyCount "49"]
[EventDate "2024.05.24"]
[EventType "swiss"]
[EventRounds "7"]
[EventCountry "ENG"]

1. d4 g6 2. c4 Bg7 3. Nf3 Nf6 4. Nc3 c5 5. d5 d6 6. e4 e6 7. dxe6 fxe6 8. e5
dxe5 9. Qxd8+ Kxd8 10. Nxe5 Ke7 11. Be3 Nbd7 12. Nxd7 Nxd7 13. Be2 Bxc3+ 14.
bxc3 b6 15. Bf3 Rb8 16. Bf4 e5 17. Bg5+ Nf6 18. O-O-O Bb7 19. Bd5 h6 20. Bh4 g5
21. Bg3 Nd7 22. Rhe1 Kf6 23. Re3 Rhe8 24. Rf3+ Kg6 25. Bf7+ 1-0

[Event "ENG-ch Senior Over 65"]
[Site "Kenilworth"]
[Date "2024.05.28"]
[Round "7.17"]
[White "Jerome, Stellio"]
[Black "Erdogan, Hassan"]
[Result "0-1"]
[WhiteElo "1673"]
[BlackElo "1877"]
[PlyCount "64"]
[EventDate "2024.05.24"]
[EventType "swiss"]
[EventRounds "7"]
[EventCountry "ENG"]

1. f4 d5 2. Nf3 g6 3. e3 Bg7 4. Be2 c5 5. O-O Nc6 6. d3 Nf6 7. Qe1 O-O 8. Nc3
d4 9. Nd1 dxe3 10. Nxe3 Qc7 11. Nc4 Nd7 12. Qh4 Nd4 13. Bd1 b5 14. Ne3 Bb7 15.
c3 Nxf3+ 16. Bxf3 Nf6 17. f5 Rad8 18. g4 Bxf3 19. Rxf3 Rxd3 20. g5 Nh5 21. Qe4
Rfd8 22. fxg6 hxg6 23. Rf1 b4 24. Ng4 bxc3 25. Nh6+ Bxh6 26. gxh6 R8d4 27. Qe2
Rd2 28. Bxd2 Rxd2 29. h7+ Kh8 30. Qxd2 cxd2 31. Rxf7 Qd7 32. Rd1 Qg4+ 0-1

[Event "ENG-ch Senior Over 65"]
[Site "Kenilworth"]
[Date "2024.05.28"]
[Round "7.18"]
[White "Selley, Susan A"]
[Black "Robinson, Steve"]
[Result "1-0"]
[WhiteElo "1621"]
[BlackElo "1632"]
[PlyCount "93"]
[EventDate "2024.05.24"]
[EventType "swiss"]
[EventRounds "7"]
[EventCountry "ENG"]

1. c4 c5 2. Nc3 Nc6 3. Nf3 Nf6 4. b3 g6 5. Bb2 Bg7 6. d4 cxd4 7. Nxd4 O-O 8. e3
a6 9. Be2 e5 10. Nf3 Re8 11. O-O d6 12. Nd5 e4 13. Nxf6+ Bxf6 14. Bxf6 Qxf6 15.
Nd2 Qg5 16. Kh1 h5 17. Rg1 Qf5 18. Qe1 Nb4 19. Nxe4 Nc2 20. Nxd6 Nxe1 21. Nxf5
Bxf5 22. Rgxe1 Rad8 23. Rad1 Kg7 24. c5 Be4 25. Rxd8 Rxd8 26. Rd1 Rxd1+ 27.
Bxd1 Kf6 28. f3 Bc6 29. b4 h4 30. Bb3 g5 31. Kg1 Ke7 32. h3 f6 33. Kf2 Kd8 34.
e4 Kc7 35. g3 hxg3+ 36. Kxg3 Bd7 37. h4 gxh4+ 38. Kxh4 f5 39. e5 b6 40. cxb6+
Kxb6 41. e6 Bc6 42. f4 Kc7 43. Kg5 Kd8 44. Kxf5 Ke7 45. Ke5 Bf3 46. f5 Bg4 47.
f6+ 1-0